000 01071nam a2200217Ia 4500
001 8475
003 GE_BSU
008 181216s||||||||xx |||||||||||||| ||und||
040 _cGE_BSU
080 _a821.222.1–32+821.353.1–31
245 _aვისრამიანი
245 _cტექსტი გამოსაც. მოამზადეს, გამოკვლევა და ლექსიკონი დაურთეს ალექსანდრე გვახარიამ და მაგალი თოდუამ; რედ.: გ. წერეთელი
250 _aსაქ. სსრ მეცნ. აკად. აღმოსავლეთმცოდნ. ინ–ტი.
260 _aთბილისი.
260 _bსაქ. სსრ მეცნ. აკად. გამ–ბა და სტ.
260 _c1962
300 _a763 გვ; 22 სმ.
300 _bდამატ. თავფურც. რუს. და ინგლ. ენ.
653 _aვისრამიანი
942 _cBK
999 _c41793
_d41793